000 00905nam a2200265Ia 4500
999 _c54721
_d54721
001 21788
003 GE_BSU
005 20220413151105.0
008 181216s ||||ge |||||||||||||| ||eng||
020 _a9789941462559
040 _cGE_BSU
041 _aeng
_ggeo
080 _a811.111'38(042.4) S-53
100 _aShavladze, Thea
_913669
245 _aStudies in Functional stylistics Course of Lectures /
_cThea Shavladze ; Editor Irine Goshkheteliani.
264 _aBatumi :
_bBatumi Shota Rustaveli State University,
_c2017.
300 _a198 p. ;
_c20 cm.
504 _aBibl. p. : 196-198
541 _h90 Gel. 44 T.
653 _aStudies in Functional stylistics Course of Lectures
653 _aინგლისური ენა
653 _aინგლისური ენის სტილისტიკა
700 _aGoshkheteliani, Irine
_eEditor
_99571
942 _cBK
_2udc